<?xml version="1.0" encoding="UTF-8"?>
<marc:record xmlns:marc="http://www.loc.gov/MARC21/slim">
   <marc:leader>00000nam a2200000 a 4500</marc:leader>
   <marc:datafield ind1="1" ind2=" " tag="100">
      <marc:subfield code="a">Rose, Karen</marc:subfield>
      <marc:subfield code="4">aut</marc:subfield>
      <marc:subfield code="e">Verfasser/-in</marc:subfield>
   </marc:datafield>
   <marc:datafield ind1="1" ind2=" " tag="100">
      <marc:subfield code="a">Hartmann, Elisabeth</marc:subfield>
   </marc:datafield>
   <marc:datafield ind1="0" ind2="0" tag="245">
      <marc:subfield code="a">Eiskalt ist die Zärtlichkeit</marc:subfield>
   </marc:datafield>
   <marc:datafield ind1="0" ind2="0" tag="245">
      <marc:subfield code="b">Thriller</marc:subfield>
   </marc:datafield>
   <marc:datafield ind1="0" ind2="0" tag="245">
      <marc:subfield code="c">Karen Rose. Aus dem Amerikanischen von Elisabeth Hartmann</marc:subfield>
   </marc:datafield>
   <marc:datafield ind1=" " ind2="1" tag="264">
      <marc:subfield code="a">Augsburg</marc:subfield>
      <marc:subfield code="b">Weltbild</marc:subfield>
      <marc:subfield code="c">2010</marc:subfield>
   </marc:datafield>
   <marc:datafield ind1="1" ind2=" " tag="490">
      <marc:subfield code="a">Weltbild Taschenbuch</marc:subfield>
   </marc:datafield>
   <marc:datafield ind1="1" ind2=" " tag="520">
      <marc:subfield code="a">Perfekt spielt Grace Winters die glückliche Ehefrau - doch in Wahrheit ist ihr Leben die Hölle. Ihr Ehemann Robb ist ein unberechenbarer Psychopath. Schließlich setzt die junge Frau alles auf eine Karte: Sie täuscht ihren eigenen Tod vor, um endlich frei zu sein. Und der Plan geht zunächst auch auf. Doch während Grace sich in ihrem neuen Leben einrichtet und sich schließlich sogar einer neuen Liebe zu öffnen wagt, hat Robb ihre Spur aufgenommen. Er will sich zurückholen, was ihm gehört!»So packend wie eine kalte Hand im Nacken - und doch zugleich auch eine bewegende Liebesgeschichte.« Publishers Weekly</marc:subfield>
   </marc:datafield>
   <marc:datafield ind1=" " ind2=" " tag="020">
      <marc:subfield code="a">9783868003314</marc:subfield>
      <marc:subfield code="9">9783868003314</marc:subfield>
   </marc:datafield>
   <marc:datafield ind1=" " ind2=" " tag="300">
      <marc:subfield code="a">636 S.</marc:subfield>
   </marc:datafield>
</marc:record>
